| 000 | 00345 a2200109 4500 | ||
|---|---|---|---|
| 001 | ART_33813 | ||
| 005 | 20260410161707.0 | ||
| 008 | 260409a | ||
| 245 | 1 | 0 | _aEl devengamiento de la renta como condición previa a la percepción |
| 100 | 1 | _aGarcía, Fernando D. | |
| 773 | 0 |
_tRevista Impuestos _g- Nº 11 (jun. 2006) _wREV639 |
|
| 999 |
_c15773 _d15773 |
||